Miesto pre neformálne kontakty Otvorili Klub ekonómov v Bratislave
Otvorenie Klubu absolventov Ekonomickej univerzity v Bratislave. Zameranie Klubu ekonómov a aktivity Klubu. Organizovanie prednášok a diskusií na odborné ekonomické témy. Využívanie spolupráce EU s odborníkmi univerzít, rozširovanie spolupráce s odborníkmi ekonomických odvetví.
Gespeichert in:
| 1. Verfasser: | |
|---|---|
| Format: | Buchkapitel |
| Sprache: | Slowakisch |
| Schlagworte: | |
| Tags: |
Keine Tags, Fügen Sie das erste Tag hinzu!
|
MARC
| LEADER | 00000naa a2200000 4500 | ||
|---|---|---|---|
| 001 | r024905 | ||
| 005 | 20221213114131.9 | ||
| 041 | 0 | |a slo | |
| 044 | |a SK | ||
| 245 | 1 | 0 | |a Miesto pre neformálne kontakty |b Otvorili Klub ekonómov v Bratislave |c Ivan. Polakovič |
| 520 | |a Otvorenie Klubu absolventov Ekonomickej univerzity v Bratislave. Zameranie Klubu ekonómov a aktivity Klubu. Organizovanie prednášok a diskusií na odborné ekonomické témy. Využívanie spolupráce EU s odborníkmi univerzít, rozširovanie spolupráce s odborníkmi ekonomických odvetví. | ||
| 610 | 2 | 0 | |a Ekonomická univerzita v Bratislave |
| 610 | 2 | 0 | |a Klub ekonómov Bratislava |
| 610 | 2 | 0 | |a ekonómovia |
| 610 | 2 | 0 | |a združenia |
| 610 | 2 | 0 | |a absolventi |
| 610 | 2 | 0 | |a univerzity |
| 100 | 1 | |a Polakovič, Ivan | |